Country commerce : Spain 2010.
| Format: | Book |
|---|---|
| Published: |
New York:
The Economist Intelligence Unit,
2010.
|
| Series: | Country commerce : 2010
|
| Subjects: |
| LEADER | 00499cam a2200169 7i4500 | ||
|---|---|---|---|
| 001 | 0000024592 | ||
| 005 | 20100610090000.0 | ||
| 090 | 0 | 0 | |a SPAN 380.1 |b COU |
| 245 | 0 | 0 | |a Country commerce : |b Spain 2010. |
| 260 | 0 | 0 | |a New York: |b The Economist Intelligence Unit, |c 2010. |
| 300 | # | # | |a 91 p. |
| 440 | 0 | 0 | |a Country commerce : 2010 |
| 650 | 0 | 0 | |a Business -- |z Spain |
| 650 | 0 | 0 | |a Trading -- |z Spain |
| 650 | 0 | 0 | |a Investment -- |z Spain |
| 651 | 0 | 0 | |a Spain |
| 999 | |a B000026621 |b Book |c Countries |e Business Information Centre | ||